<La> Chine dans l'économie mondiale <les> enjeux de politique économique intérieure
Salvato in:
| Natura: | Libro |
|---|---|
| Lingua: | francese |
| Pubblicazione: |
Paris
OECD
2002
|
| Soggetti: | |
| Tags: |
Nessun Tag, puoi essere il primo ad aggiungerne!!
|
MARC
| LEADER | 00000nam a2200000 4500 | ||
|---|---|---|---|
| 001 | c141847 | ||
| 005 | 20221124094541.6 | ||
| 020 | |a 92-64-29707-3 | ||
| 041 | 0 | |a fre | |
| 044 | |a FR | ||
| 245 | 1 | 0 | |a <La> Chine dans l'économie mondiale |b <les> enjeux de politique économique intérieure |
| 264 | 1 | |a Paris |b OECD |c 2002 | |
| 300 | |a 935 s. | ||
| 610 | 2 | 0 | |a politika hospodárska |
| 610 | 2 | 0 | |a vývoj hospodársky |
| 610 | 2 | 0 | |a situácia hospodárska |
| 610 | 2 | 0 | |a ukazovatele ekonomické |
| 610 | 2 | 0 | |a sektory hospodárske |
| 610 | 2 | 0 | |a priemysel |
| 610 | 2 | 0 | |a poľnohospodárstvo |
| 610 | 2 | 0 | |a sektor verejný |
| 610 | 2 | 0 | |a rozpočty |
| 610 | 2 | 0 | |a Čína |
| 610 | 2 | 0 | |a svet |
| 610 | 2 | 0 | |a OECD |